000 00318nam a22001337a 4500
008 170602b xxu||||| |||| 00| 0 eng d
020 _a9780132695640
041 _aeng
080 _22ND
_a94(7/8)
100 _a17
101 _aSHH
245 _aMINORITY FAMILIES IN THE UNITED STATES
_cTAYLOR,R.L
942 _2udc
_cBK
999 _c15785
_d15785